书目信息 |
| 题名: |
思想自由史
|
|
| 作者: | 伯里 , Bury 著 ;宋桂煌 译 | |
| 分册: | ||
| 出版信息: | 长春 吉林人民出版社 2005 |
|
| 页数: | 135页 | |
| 开本: | 20cm | |
| 丛书名: | 人文译丛 | |
| 单 册: | ||
| 中图分类: | D081 | |
| 科图分类: | ||
| 主题词: | 自由--思想史--欧洲 , 自由 , 思想史 | |
| 电子资源: | ||
| ISBN: | 7-206-03406-3 | |
| 000 | 01036oam2 2200325 45 | |
| 001 | 012006021512 | |
| 005 | 20070708145742.03 | |
| 010 | @a7-206-03406-3@dCNY14.40 | |
| 092 | @aCN@b474942 | |
| 100 | @a20060122d2005 ekmy0chiy0121 ea | |
| 101 | 1 | @achi@ceng |
| 102 | @aCN@b220000 | |
| 105 | @ay z 000yy | |
| 200 | 1 | @a思想自由史@9si xiang zi you shi@f(英)J. B. 伯里(J. B. Bury)著@g宋桂煌译 |
| 205 | @a2版 | |
| 210 | @a长春@c吉林人民出版社@d2005 | |
| 215 | @a135页@d20cm | |
| 225 | 2 | @a人文译丛@f何怀宏主编 |
| 330 | @a本书的主要内容包括:思想自由与其阻力、理性自由时代、理性被禁锢时代、解放的期望时代、宗教的宽容、唯理论发生时代、唯理论进步时代、思想自由的辩明等。 | |
| 461 | 0 | @12001 @a人文译丛 |
| 510 | 1 | @aA history of freedom of thought@zeng |
| 606 | 0 | @a自由@x思想史@y欧洲 |
| 606 | 0 | @a自由 |
| 606 | 0 | @a思想史 |
| 690 | @aD081@v4 | |
| 701 | 1 | @a伯里@9bo li@bJ. B.@4著 |
| 701 | 1 | @aBury@bJ. B.@4著 |
| 702 | 0 | @a宋桂煌@9song gui huang@4译 |
| 801 | 0 | @aCN@bLZJBOOK@c20070708 |
| 905 | @a10447@dD081@e23=2 | |
| 思想自由史/(英)J. B. 伯里(J. B. Bury)著/宋桂煌译.-2版.-长春:吉林人民出版社,2005 |
| 135页;20cm.-(人文译丛/何怀宏主编) |
| ISBN 7-206-03406-3:CNY14.40 |
| 本书的主要内容包括:思想自由与其阻力、理性自由时代、理性被禁锢时代、解放的期望时代、宗教的宽容、唯理论发生时代、唯理论进步时代、思想自由的辩明等。 |
| ● |
| 相关链接 |
|
|
|
|
正题名:思想自由史
索取号:D081/23=2
 
预约/预借
| 序号 | 登录号 | 条形码 | 馆藏地/架位号 | 状态 | 备注 |
| 1 | 0555528 | 205555282 | 第一样本阅览室/ [索取号:D081/23=2] | 在馆 | |
| 2 | 0555529 | 205555291 | 第一借阅区/ [索取号:D081/23=2] | 在馆 | |
| 3 | 0555530 | 205555308 | 第一借阅区/ [索取号:D081/23=2] | 在馆 | |
| 4 | 0555531 | 205555317 | 第一借阅区/ [索取号:D081/23=2] | 在馆 | |
| 5 | 0555532 | 205555326 | 第一借阅区/ [索取号:D081/23=2] | 在馆 | |
| 6 | 0555533 | 205555335 | 第一借阅区/ [索取号:D081/23=2] | 在馆 | |
| 7 | 0555534 | 205555344 | 第一借阅区/ [索取号:D081/23=2] | 在馆 | |
| 8 | 0555535 | 205555353 | 第一借阅区/ [索取号:D081/23=2] | 在馆 |